| 000 | 00849nas a2200277 4500 | ||
|---|---|---|---|
| 001 | BR0802996 | ||
| 003 | BR-BrBNA | ||
| 005 | 20231205112133.0 | ||
| 007 | ta | ||
| 008 | 230509b bl.|||p| |||| 00| 00por d | ||
| 040 |
_aBR-BrBNA _bpor _cBiblioteca Nacional de Agricultura |
||
| 041 | _a(En) | ||
| 072 | _aH10; L74; L20 | ||
| 100 | 1 | _aLetti, M.M.M. | |
| 100 | 1 | _aBotto, E. | |
| 100 | 1 | _aAlzogaray, R.A. | |
| 245 | 1 | _aInsecticide resistance in argentine populations of Tuta absoluta (Meyrick)(Lepidoptera: Gelechiidae) | |
| 650 | _aINSETO | ||
| 650 | _aTRAÇA | ||
| 650 | _aPRAGA DE PLANTA | ||
| 650 | _aTOMATEIRO | ||
| 650 | _aRESISTÊNCIA A PESTICIDA | ||
| 773 | 0 |
_tNeotropical Entomology (Brazil) _xISSN 1519-566X _g(Jan-Feb 2005), v. 34(1) p. 113-119 _wBR0802996 |
|
| 909 |
_a202311 _bLúcia _c55 _dLúcia Elande |
||
| 942 |
_2AGRIS _n0 _cANA |
||
| 999 |
_c196284 _d196284 |
||